Southville International School and Colleges
Your cart is empty.
  • Cart
  • Lists
    Public lists Eva Luna New books Lux_list list_1
    Your lists Log in to create your own lists
  • Log in to your account
  • Your cookies
  • Search history
Southville International School and Colleges
  • Advanced search
  • Recent comments
  • Most popular
  • Libraries

Log in to your account

Log in with GOOGLE


If you do not have an external account, but do have a local account, you can still log in:

  1. Home
  2. MARC view: Audio production worktext :
Normal view MARC view ISBD view

Audio production worktext : (Record no. 25890)

[ view plain ]
MARC details
000 -LEADER
fixed length control field 00784nam a22002177a 4500
005 - DATE AND TIME OF LATEST TRANSACTION
control field 20140310183644.0
008 - FIXED-LENGTH DATA ELEMENTS--GENERAL INFORMATION
fixed length control field 131221b xxu||||| |||| 00| 0 eng d
020 ## - INTERNATIONAL STANDARD BOOK NUMBER
International Standard Book Number 9780123983312
050 ## - LIBRARY OF CONGRESS CALL NUMBER
Classification number TK 6557.5
Item number .Sa256 2013
100 ## - MAIN ENTRY--PERSONAL NAME
Personal name Sauls, Samuel J.
245 ## - TITLE STATEMENT
Title Audio production worktext :
Remainder of title concepts, techniques, and equipment /
Statement of responsibility, etc Samuel J. Sauls, Craig A. Stark, David E. Reese.
250 ## - EDITION STATEMENT
Edition statement 7th ed.
260 ## - PUBLICATION, DISTRIBUTION, ETC. (IMPRINT)
Place of publication, distribution, etc Burlington, Mass. :
Name of publisher, distributor, etc Focal Press,
Date of publication, distribution, etc 2013.
300 ## - PHYSICAL DESCRIPTION
Extent xv, 262 p. :
Other physical details ill. ;
Dimensions 28 cm.
650 ## - SUBJECT ADDED ENTRY--TOPICAL TERM
Topical term or geographic name as entry element Sound studios
Chronological subdivision Textbooks.
650 ## - SUBJECT ADDED ENTRY--TOPICAL TERM
Topical term or geographic name as entry element Radio stations
Form subdivision Equipment and supplies
General subdivision Textbooks.
650 ## - SUBJECT ADDED ENTRY--TOPICAL TERM
Topical term or geographic name as entry element Radio
Form subdivision Production and direction
General subdivision Textbooks.
700 ## - ADDED ENTRY--PERSONAL NAME
Personal name Stark, Craig A.
Relator term author.
700 ## - ADDED ENTRY--PERSONAL NAME
Personal name Reese, David E.
Relator term author.
942 ## - ADDED ENTRY ELEMENTS (KOHA)
Source of classification or shelving scheme Library of Congress Classification
Koha item type Books
Call number prefix Foreign
Holdings
Withdrawn status Lost status Source of classification or shelving scheme Damaged status Home library Current library Shelving location Date acquired Total Checkouts Full call number Barcode Date last seen Copy number Price effective from Koha item type
    Library of Congress Classification   College Library College Library Reserve Section 12/21/2013   TK 6557.5 .Sa256 2013 C17362 12/21/2013 1 12/21/2013 Books

Audio production worktext :

APA

Sauls S. J., Stark C. A. & Reese D. E. (2013). Audio production worktext. Burlington, Mass: Focal Press.

Chicago

Sauls Samuel J, Stark Craig A and Reese David E. 2013. Audio production worktext. Burlington, Mass: Focal Press.

Harvard

Sauls S. J., Stark C. A. and Reese D. E. (2013). Audio production worktext. Burlington, Mass: Focal Press.

MLA

Sauls Samuel J, Stark Craig A and Reese David E. Audio production worktext. Burlington, Mass: Focal Press. 2013.

  • Place hold
  • Print
  • Cite
  • Add to your cart (remove)
  • Save record
    BIBTEX Dublin Core MARCXML MARC (non-Unicode/MARC-8) MARC (Unicode/UTF-8) MARC (Unicode/UTF-8, Standard) MODS (XML) RIS
  • More searches
    Search for this title in:
    Other Libraries (WorldCat) Other Databases (Google Scholar) Online Stores (Bookfinder.com) Open Library (openlibrary.org)

Exporting to Dublin Core...

SOUTHVILLE LIBRARY

Southville International School and Colleges Library

1281 Tropical Ave. Cor. Luxembourg St., BF Homes International, Las Pinas City

Tel. No. 8256374 / 252358 Loc. 117/146

Powered by Koha